[Event "12th KIIT International 2019"]
[Site "Odisha"]
[Date "2019.06.05"]
[Round "8.7"]
[White "Ter-Sahakyan, Samvel"]
[Black "Mohammad Fahad, Rahman"]
[Result "1-0"]
[WhiteElo "2611"]
[BlackElo "2305"]
[Annotator "RC"]
[PlyCount "57"]
[EventDate "2019.05.31"]
[EventType "swiss"]
[EventCountry "IND"]
[SourceTitle "playchess.com"]
[Source "ChessBase"]
[SourceQuality "1"]
[TimeControl "5400+30"]

1. e4 {[%emt 0:00:00]} e5 {[%emt 0:00:00]} 2. Nf3 {[%emt 0:00:00]} Nc6 {[%emt 0:00:00]} 3. Bb5 {[%emt 0:00:00]} a6 {[%emt 0:00:02]} 4. Ba4 {[%emt 0:00:00]} Nf6 {[%emt 0:00:09]} 5. O-O {[%emt 0:00:53]} Be7 {[%emt 0:00:20]} 6. Re1 {[%emt 0:00:09]} b5 {[%emt 0:00:13]} 7. Bb3 {[%emt 0:00:05]} d6 {[%emt 0:00:13]} 8. c3 {[%emt 0:00:08]} O-O {[%emt 0:00:12]} 9. h3 {[%emt 0:00:08]} Bb7 {[%emt 0:00:49]} 10. d4 {[%emt 0:00:33]} Re8 {[%emt 0:00:25]} 11. Nbd2 {[%emt 0:00:19]} Bf8 {[%emt 0:00:30]} 12. a4 {[%emt 0:01:08]} h6 {[%emt 0:00:52]} 13. Bc2 {[%emt 0:00:12]} exd4 {[%emt 0:02:42]} 14. cxd4 {[%emt 0:00:06]} Nb4 {[%emt 0:00:23]} 15. Bb1 {[%emt 0:00:05]} c5 {[%emt 0:00:47]} 16. d5 {[%emt 0:00:08]} Nd7 {[%emt 0:01:15]} 17. Ra3 {[%emt 0:01:42]} c4 {[%emt 0:03:25]} 18. Ree3 {[%emt 0:00:46]} Nc5 {[%emt 0:04:50]} 19. b3 {[%emt 0:02:52]} cxb3 {[%emt 0:12:01]} 20. Nxb3 {[%emt 0:10:14]} Nxa4 {[%emt 0:10:41]} 21. Nbd4 {[%emt 0:01:17]} Qb6 {[%emt 0:06:06]} 22. Nh4 {[%emt 0:09:26]} Rac8 {[%emt 0:23:57]} 23. Ndf5 {[%emt 0:03:00]} g6 {[%emt 0:08:23]} 24. Rg3 {[%emt 0:02:16]} Kh7 {[%emt 0:00:48]} 25. Bxh6 {[%emt 0:20:13]} Bxh6 {[%emt 0:01:15]} 26. Nxh6 {[%emt 0:00:06]} Kxh6 {[%emt 0:07:23]} 27. Nf5+ {[%emt 0:03:03]} Kh7 {[%emt 0:01:59]} 28. Qd2 {[%emt 0:00:06]} gxf5 {[%emt 0:02:39]} 29. Qg5 {[%emt 0:00:24]} 1-0

[Event "12th KIIT International 2019"]
[Site "Odisha"]
[Date "2019.06.05"]
[Round "8.8"]
[White "Petrosyan, Manuel"]
[Black "Srihari L R"]
[Result "1-0"]
[WhiteElo "2573"]
[BlackElo "2214"]
[Annotator "TA"]
[PlyCount "155"]
[EventDate "2019.05.31"]
[EventType "swiss"]
[EventCountry "IND"]
[SourceTitle "playchess.com"]
[Source "ChessBase"]
[SourceQuality "1"]

{[%evp 21,155,8,30,39,73,24,15,20,80,0,0,0,3,2,21,24,26,28,24,27,39,41,35,35,36,38,37,37,35,33,57,45,54,38,43,42,42,35,63,64,65,42,66,64,77,70,77,77,77,78,75,75,80,62,68,53,49,35,38,24,82,57,57,57,64,64,72,56,63,44,44,44,45,36,36,36,54,47,57,57,58,52,59,52,59,13,68,68,68,62,85,55,53,48,73,26,32,29,146,137,146,139,137,140,590,635,639,615,600,593,641,651,647,610,633,632,566,559,1550,1522,1076,1039,5464,9241,5628,5424,2171,1618,29980,29981,29983,29984,29984,29985,29990,29991]} 1. d4 d5 2. c4 e6 3. Nc3 c5 4. e3 Nf6 5. Nf3 a6 6. cxd5 exd5 7. Be2 Nc6 8. O-O Be7 9. dxc5 Bxc5 10. b3 O-O 11. Bb2 Be6 12. Rc1 {D32: Tarrasch Defence: Sidelines and lines without g3} Rc8 (12... Bd6 13. Nd4 Qb8 14. g3 Nxd4 15. Qxd4 Be5 16. Qd3 Rd8 17. Rfd1 Ne4 18. Na4 Bxb2 19. Nxb2 Qd6 {½-½ (91) Yilmaz,M (2636)-Sanal,V (2490) St Petersburg 2018}) 13. Na4 (13. Nxd5 $5 Qxd5 14. Qxd5 Nxd5 15. Rxc5 $16) 13... Ba7 14. Nc5 {The position is equal.} Ne4 {[#]} (14... Qe7 $11 15. Nd3 (15. Nxe6 fxe6 16. Bd3 g6 $11) 15... Rfd8) 15. Ba3 $146 ({Better is} 15. Nxe6 $16 fxe6 16. Bd3) ({Predecessor:} 15. Nxe4 dxe4 16. Nd2 Bf5 17. Bg4 Qg5 18. Bxf5 Qxf5 19. Rc4 Ne5 20. Rxe4 Nd3 {1-0 (47) Nanu,C (2526)-Horvath,P (2469) Hungary 2007}) 15... Bxc5 $11 16. Bxc5 Nxc5 17. Rxc5 Qd6 18. Rc2 Rfd8 19. Rd2 Qa3 20. Qb1 g6 21. Rfd1 Bf5 22. Qb2 Qxb2 23. Rxb2 Nb4 24. Nd4 Be6 25. g4 Nc6 26. Kg2 Kf8 27. Bf3 Ke7 28. h3 h6 29. Ne2 Rd6 30. Rbd2 Rcd8 31. Nf4 {[%cal Rf4d5]} g5 32. Ne2 f6 33. Kg3 Bf7 34. h4 Be6 35. Nd4 Nxd4 36. Rxd4 R6d7 37. Rc1 Rd6 38. Rb4 R8d7 39. Rd1 Rc6 40. Rd2 Rcd6 (40... Rc5 $11) 41. hxg5 hxg5 42. Rbd4 Rd8 43. Kg2 R6d7 44. Kf1 Rd6 45. Ke2 Bf7 46. Kd1 R8d7 47. Kc1 Rc6+ 48. Kb2 {[%cal Rf3d5]} Rcd6 49. a4 Be6 50. a5 Bf7 51. Ka3 Be6 52. b4 Rd8 53. Bd1 Bf7 (53... Rh8 $11) 54. Bb3 $14 Be6 55. Rd1 R6d7 56. b5 axb5 57. Kb4 Rd6 58. Kxb5 Bd7+ 59. Kb4 Bc6 {[#]} (59... b6 $11) 60. Rh1 $1 $16 Kd7 61. Rh7+ Kc8 62. Kc5 Be8 $2 {[%mdl 8192]} (62... Re6 $16 {is more resistant.} 63. Ba2 (63. Bxd5 Rxd5+ 64. Rxd5 Bxd5 $16) 63... Kb8) 63. Bxd5 $18 Bc6 {[%cal Rd6d5]} 64. Bc4 Rxd4 65. exd4 {[%mdl 4096] Endgame KRB-KRB} Bd7 66. f3 Kb8 67. Bd5 Ka7 68. Rf7 Rc8+ 69. Kd6 Bc6 70. Bxc6 Rxc6+ {KR-KR} 71. Ke7 Ra6 72. d5 Rxa5 73. d6 Re5+ 74. Kxf6 Rd5 75. d7 {White mates.} Kb6 76. Ke7 Kc7 {[#]} 77. Ke8 $1 Re5+ 78. Re7 {Accuracy: White = 58%, Black = 46%.} 1-0

[Event "12th KIIT International 2019"]
[Site "Odisha"]
[Date "2019.06.05"]
[Round "8.9"]
[White "Siva Mahadevan"]
[Black "Debashis, Das"]
[Result "0-1"]
[WhiteElo "2298"]
[BlackElo "2544"]
[Annotator "TA"]
[PlyCount "66"]
[EventDate "2019.05.31"]
[EventType "swiss"]
[EventCountry "IND"]
[SourceTitle "playchess.com"]
[Source "ChessBase"]
[SourceQuality "1"]

{[%evp 12,66,25,10,30,0,0,-4,0,-10,-10,-72,-47,-105,-114,-116,-108,-126,-112,-129,-37,-51,-23,-90,-22,-54,-23,-22,-15,-11,0,0,0,-12,-17,-21,-24,-40,-32,-22,68,0,0,0,0,0,77,75,89,0,0,-42,-31,-1075,-1081,-1060,-1052]} 1. e4 c5 2. Nf3 d6 3. d4 cxd4 4. Nxd4 Nf6 5. Nc3 a6 6. h3 e5 7. Nde2 h5 {B90: Sicilian Najdorf: Unusual White 6th moves, 6 Be3 Ng4 and 6 Be3 e5} 8. Ng1 b5 {[%cal Bb7b5,Bb5b4][%mdl 32]} 9. Nf3 Bb7 {The position is equal.} 10. Ng5 Nbd7 11. a4 $146 (11. a3 $11 {keeps the balance.}) ({Predecessor:} 11. Bd3 Be7 12. O-O Nc5 13. f4 Qc7 14. a3 Rc8 15. Qe1 {1-0 (33) Nepomniachtchi,I (2740)-Giri,A (2755) Moscow 2016}) 11... b4 $17 12. Nd5 ({White should play} 12. Bc4 $15 bxc3 13. Bxf7+ Ke7 14. bxc3) 12... Nxd5 13. exd5 Be7 14. h4 Qa5 15. Bc4 {[#]} Nb6 (15... Nf6 $1 $17 16. O-O O-O) 16. Bb3 $1 $15 Rc8 {Black wants to play ...Nc4.} 17. O-O (17. Qd3 $1 $11) 17... Bxd5 ({Much weaker is} 17... Nxd5 $6 18. Qf3 $11) (17... Nc4 $17 18. Ne4 Rc7) 18. Be3 {And now Bxb6 would win.} Bxb3 19. cxb3 Nd5 20. Qf3 Bxg5 21. Bxg5 f6 22. Rfd1 Ne7 $1 23. Be3 d5 24. Rac1 Rxc1 25. Rxc1 d4 ({Black should try} 25... Kf7 $11) 26. Bd2 (26. Qb7 $1 $14 Kf7 27. Rc7) 26... Kf7 $11 27. Qb7 {Hoping for Rc7!} Qd5 28. Qxa6 Kg6 (28... Qxb3 $11 29. Qb7 Qd5 30. Qxb4 Nf5) 29. Bxb4 $16 Nf5 {[#]} 30. Qd3 (30. Qc4 $1 $16 {[%cal Rc4d5]} Qxc4 31. Rxc4) 30... e4 $36 {[%mdl 2048] Black fights for an advantage.} 31. Qh3 {Rc5 is the strong threat.} (31. Qc4 $5 {[%cal Rc4d5]} Qe5 32. Bd2 $15) 31... d3 32. Rc5 $2 {[%mdl 8192] [#]} (32. Bd2 $15) 32... Qxc5 $1 $19 {[%mdl 576] Deflection, Promotion} 33. Bxc5 d2 {Accuracy: White = 35%, Black = 44%.} 0-1

[Event "12th KIIT International 2019"]
[Site "Odisha"]
[Date "2019.06.05"]
[Round "8.10"]
[White "Burmakin, Vladimir"]
[Black "Raahul V S"]
[Result "1-0"]
[WhiteElo "2526"]
[BlackElo "2292"]
[Annotator "TA"]
[PlyCount "63"]
[EventDate "2019.05.31"]
[EventType "swiss"]
[EventCountry "IND"]
[SourceTitle "playchess.com"]
[Source "ChessBase"]
[SourceQuality "1"]

{[%evp 12,63,35,0,-7,0,14,11,10,-1,0,-5,-3,-13,-3,-5,0,-38,21,15,10,0,0,0,0,0,34,27,15,36,19,3,0,4,139,40,127,118,271,289,289,281,222,146,759,748,1406,1380,1301,1256,29996,29997,29997,714]} 1. Nf3 Nf6 2. g3 b5 3. Bg2 Bb7 4. d3 e6 5. e4 d6 6. O-O Be7 7. c3 c5 {A05: Réti Opening: 1 Nf3 Nf6} 8. a4 b4 9. Re1 O-O {The position is equal.} 10. Nbd2 (10. cxb4 cxb4 11. h3 Nc6 12. Be3 Na5 13. Nbd2 Nd7 14. Nd4 Nc5 15. N2b3 {½-½ (55) Vachier Lagrave,M (2745)-Leko,P (2730) Beijing 2013}) 10... Nc6 11. Nc4 d5 12. exd5 Nxd5 13. Bd2 $146 ({Predecessor:} 13. Qc2 Bf6 14. Bd2 Nb6 15. Be3 Nxc4 16. dxc4 bxc3 17. bxc3 {1-0 (34) Loginov,V (2513)-Atalik,E (2385) St Petersburg 2001}) 13... Bf6 14. Nfe5 Qc7 (14... Nxe5 $15 15. Nxe5 Rb8) 15. Ng4 $11 {Bxd5 is the strong threat.} Be7 16. Nge3 bxc3 17. bxc3 Nxe3 18. Bxe3 Rad8 19. Rb1 {Hoping for Rxb7!} Ba6 {Strongly threatening ...Bxc4.} 20. Bf4 Qd7 21. Qf3 Rc8 $1 ({Much weaker is} 21... Qxd3 $6 22. Qxd3 Rxd3 23. Nb2 $16) 22. h4 Nb8 {[#]} (22... Rfd8 $11 {keeps the balance.}) 23. h5 (23. Ne5 $1 $16 {[%cal Re5d7]} Qe8 24. Qg4) 23... Bf6 ({Black should try} 23... Nc6 $1 $14) 24. Nd6 $36 {[%mdl 2048] Keeping Black busy.} Rcd8 $2 {[#]} (24... Nc6 $16) 25. Ne4 $1 $18 {[%cal Re4f6]} Be7 26. h6 Bxd3 27. Rb7 Bxe4 $4 {[%mdl 8192]} (27... Qxb7 $16 28. Nf6+ {[%mdl 64] Discovered Attack} Bxf6 29. Qxb7 Bxc3) 28. Qxe4 ({Not} 28. Rxd7 Bxf3 29. Rxe7 Bxg2 $11) 28... Qe8 29. hxg7 Kxg7 30. Qe5+ Bf6 {[#]} 31. Bh6+ $1 {[%mdl 576] Skewer} Kg6 (31... Kxh6 32. Qxf6+) 32. Be4+ {Accuracy: White = 54%, Black = 24%.} 1-0

[Event "12th KIIT International 2019"]
[Site "Odisha"]
[Date "2019.06.05"]
[Round "8.11"]
[White "Ziatdinov, Raset"]
[Black "Nguyen, Van Huy"]
[Result "0-1"]
[WhiteElo "2249"]
[BlackElo "2456"]
[Annotator "RC"]
[PlyCount "119"]
[EventDate "2019.05.31"]
[EventType "swiss"]
[EventCountry "IND"]
[SourceTitle "playchess.com"]
[Source "ChessBase"]
[SourceQuality "1"]
[TimeControl "5400+30"]

1. e4 {[%emt 0:00:00]} c6 {[%emt 0:00:00]} 2. d4 {[%emt 0:00:00]} d5 {[%emt 0:00:00]} 3. Nc3 {[%emt 0:00:00]} dxe4 {[%emt 0:00:10]} 4. Nxe4 {[%emt 0:00:00]} Bf5 {[%emt 0:00:08]} 5. Ng3 {[%emt 0:00:00]} Bg6 {[%emt 0:00:07]} 6. h4 {[%emt 0:00:00]} h6 {[%emt 0:00:10]} 7. Nf3 {[%emt 0:00:00]} Nd7 {[%emt 0:00:18]} 8. h5 {[%emt 0:00:05]} Bh7 {[%emt 0:00:04]} 9. Bd3 {[%emt 0:00:04]} Bxd3 {[%emt 0:00:06]} 10. Qxd3 {[%emt 0:00:02]} e6 {[%emt 0:00:21]} 11. Bd2 {[%emt 0:00:07]} Ngf6 {[%emt 0:00:09]} 12. O-O-O {[%emt 0:00:08]} Be7 {[%emt 0:00:12]} 13. Kb1 {[%emt 0:00:19]} Qb6 {[%emt 0:01:34]} 14. Rhe1 {[%emt 0:00:18]} O-O {[%emt 0:01:40]} 15. Nf5 {[%emt 0:03:45]} exf5 {[%emt 0:02:32]} 16. Rxe7 {[%emt 0:00:07]} Qd8 {[%emt 0:01:02]} 17. Re2 {[%emt 0:01:38]} Ne4 {[%emt 0:00:41]} 18. Qb3 {[%emt 0:08:20]} b5 {[%emt 0:08:10]} 19. c4 {[%emt 0:03:47]} bxc4 {[%emt 0:06:12]} 20. Qxc4 {[%emt 0:00:02]} Rc8 {[%emt 0:01:36]} 21. Qa6 {[%emt 0:18:35]} Ndf6 {[%emt 0:07:35]} 22. Bb4 {[%emt 0:14:34]} c5 {[%emt 0:06:30]} 23. Ba3 {[%emt 0:03:12]} Re8 {[%emt 0:01:45]} 24. Rc2 {[%emt 0:04:56]} c4 {[%emt 0:12:24]} 25. d5 {[%emt 0:11:00]} Nxd5 {[%emt 0:05:00]} 26. Rd4 {[%emt 0:00:13]} Qb6 {[%emt 0:01:06]} 27. Qxb6 {[%emt 0:00:57]} Nxb6 {[%emt 0:00:08]} 28. Nh4 {[%emt 0:00:46]} c3 {[%emt 0:02:16]} 29. bxc3 {[%emt 0:07:03]} Nxc3+ {[%emt 0:03:14]} 30. Ka1 {[%emt 0:01:26]} Nb5 {[%emt 0:06:18]} 31. Rxc8 {[%emt 0:00:22]} Rxc8 {[%emt 0:00:12]} 32. Rd3 {[%emt 0:00:04]} Rc2 {[%emt 0:01:26]} 33. Kb1 {[%emt 0:06:13]} Rxf2 {[%emt 0:01:17]} 34. Bc5 {[%emt 0:00:06]} Rf1+ {[%emt 0:08:11]} 35. Kc2 {[%emt 0:00:07]} Rf4 {[%emt 0:00:16]} 36. Ng6 {[%emt 0:03:20]} Rc4+ {[%emt 0:02:32]} 37. Kb3 {[%emt 0:02:07]} fxg6 {[%emt 0:02:03]} 38. hxg6 {[%emt 0:00:02]} Rc3+ {[%emt 0:02:39]} 39. Rxc3 {[%emt 0:00:29]} Nxc3 {[%emt 0:00:04]} 40. Kxc3 {[%emt 0:04:20]} Na4+ {[%emt 0:01:33]} 41. Kc4 {[%emt 0:00:38]} Nxc5 {[%emt 0:00:02]} 42. Kxc5 {[%emt 0:00:19]} Kf8 {[%emt 0:02:31]} 43. Kd6 {[%emt 0:00:12]} f4 {[%emt 0:02:51]} 44. a4 {[%emt 0:01:25]} a5 {[%emt 0:02:56]} 45. Ke6 {[%emt 0:00:40]} Ke8 {[%emt 0:01:54]} 46. Kd6 {[%emt 0:00:08]} Kf8 {[%emt 0:01:39]} 47. Ke6 {[%emt 0:00:07]} h5 {[%emt 0:00:43]} 48. Kf5 {[%emt 0:01:10]} Ke7 {[%emt 0:00:23]} 49. Kg5 {[%emt 0:00:16]} Ke6 {[%emt 0:00:26]} 50. Kxh5 {[%emt 0:03:01]} Kf5 {[%emt 0:00:29]} 51. Kh4 {[%emt 0:00:37]} f3 {[%emt 0:00:26]} 52. gxf3 {[%emt 0:00:52]} Kf4 {[%emt 0:00:03]} 53. Kh5 {[%emt 0:03:08]} Kxf3 {[%emt 0:00:10]} 54. Kg5 {[%emt 0:00:03]} Ke4 {[%emt 0:00:04]} 55. Kg4 {[%emt 0:00:17]} Ke5 {[%emt 0:00:04]} 56. Kf3 {[%emt 0:00:43]} Kf5 {[%emt 0:00:05]} 57. Ke3 {[%emt 0:00:04]} Kxg6 {[%emt 0:00:14]} 58. Kd4 {[%emt 0:00:05]} Kf5 {[%emt 0:00:10]} 59. Kc5 {[%emt 0:00:10]} g5 {[%emt 0:00:06]} 60. Kd4 {[%emt 0:01:04] Ke5+ [%clk 0:12:33]} 0-1

[Event "12th KIIT International 2019"]
[Site "Odisha"]
[Date "2019.06.05"]
[Round "8.12"]
[White "Pranav Vijay"]
[Black "Lugovskoy, Maxim"]
[Result "0-1"]
[WhiteElo "2265"]
[BlackElo "2451"]
[Annotator "TA"]
[PlyCount "78"]
[EventDate "2019.05.31"]
[EventType "swiss"]
[EventCountry "IND"]
[SourceTitle "playchess.com"]
[Source "ChessBase"]
[SourceQuality "1"]

{[%evp 13,95,-4,8,0,18,-51,-47,-42,-8,-11,-4,-14,-10,-12,-15,-13,-8,-16,-4,-45,-12,-75,-75,-81,-73,-84,-20,-53,-15,-10,0,-12,-16,-20,-19,-29,-31,-43,-47,-44,-47,-62,-41,-61,-22,-43,-33,-59,-4,-120,-104,-132,-125,-128,-146,-345,-357,-467,-426,-665,-694,-857,-883,-804,-787,-1174,-1076,-2756,-2656,-1921,-1525,-5222,-5341,-29976,-29977,-29989,-29990,-29990,-29991,-29991,-29992,-29992,-29993,-29999]} 1. e4 e6 2. d4 d5 3. Nc3 Bb4 4. e5 c5 5. a3 Bxc3+ 6. bxc3 Ne7 7. a4 b6 8. Nf3 {C19: French: 3 Nc3 Bb4: Main line: 7 Nf3 and 7 a4} Ba6 9. g3 $146 (9. Bb5+ $11 Bxb5 10. axb5) ({Predecessor:} 9. Bb5+ Bxb5 10. axb5 Qc8 11. O-O a5 12. bxa6 Rxa6 13. Rb1 O-O 14. h4 h6 15. h5 Nd7 16. Re1 cxd4 17. cxd4 Ra2 18. Rb2 {½-½ (77) Balogh,C (2660)-Fedorchuk,S (2673) Bastia 2014}) 9... Bxf1 $15 10. Kxf1 {Black is slightly better.} Nbc6 {[%cal Bb8c6,Bc6a5,Ba5c4][%mdl 32]} 11. Ba3 cxd4 12. cxd4 Na5 13. Kg2 Rc8 14. Bb4 Nc4 15. Qd3 h6 16. Rab1 Qd7 17. a5 (17. Ra1 $11) 17... bxa5 $17 18. Bc5 {[#]} O-O $1 19. h4 f5 (19... Rfe8 $17) 20. Rhe1 Rfe8 21. Nd2 $1 Qc6 22. Kg1 Nb6 23. Rec1 Ng6 {Threatening ...Nxe5!} 24. f4 Nf8 25. Ra1 a4 26. c3 Nfd7 27. Bd6 Nc4 (27... Nf6 $5) 28. Nxc4 dxc4 29. Qc2 Nb6 30. Qe2 Rcd8 ({Better is} 30... Red8 $15) 31. Kf2 {[#]} (31. Qg2 $1 $11 {keeps the balance.} Nd5 32. Qa2) 31... Rd7 $1 32. Rcb1 Nd5 33. Qc2 {[#]} g5 $1 {[%mdl 512]} 34. Rg1 $2 ({Reject} 34. fxg5 hxg5 35. Qd2 (35. hxg5 $2 Rh7 $19) 35... f4 $17) (34. hxg5 $17 hxg5 35. Rh1 (35. fxg5 $2 Rh7 $19)) 34... Rb7 $19 35. hxg5 Rb3 36. Ra3 (36. Qe2 $142 Nxc3 37. Qh5 Ne4+ {[%mdl 64] Double Attack} 38. Ke1) 36... Nxc3 {...Ne4+ is the strong threat.} 37. Qxc3 Rxc3 38. Rxc3 hxg5 39. g4 Qe4 {Played: Qc6-b6} 0-1

[Event "12th KIIT International 2019"]
[Site "Odisha"]
[Date "2019.06.05"]
[Round "8.13"]
[White "Khusenkhojaev, Muhammad"]
[Black "Deshmukh, Anup"]
[Result "1/2-1/2"]
[WhiteElo "2446"]
[BlackElo "2229"]
[Annotator "TA"]
[PlyCount "50"]
[EventDate "2019.05.31"]
[EventType "swiss"]
[EventCountry "IND"]
[SourceTitle "playchess.com"]
[Source "ChessBase"]
[SourceQuality "1"]

{[%evp 9,50,-1,3,-8,0,-32,-33,-36,-33,-37,-22,-26,-12,-41,-27,-53,-20,-56,-39,-26,-29,-22,-14,-19,-24,-31,34,37,40,40,57,37,114,0,14,7,51,63,104,57,83,107,141]} 1. Nf3 c5 2. b3 Nc6 3. Bb2 d6 4. c4 e5 5. d3 (5. Nc3 g6 6. g3 Bg7 7. d3 Nge7 8. Bg2 h6 9. O-O O-O 10. Ne1 Be6 11. Nd5 Rb8 12. Nc2 b5 13. e3 bxc4 14. dxc4 f5 {½-½ (14) Maghsoodloo,P (2666)-Alekseev,E (2639) Bandar e Anzali 2019}) 5... g6 6. e3 {A30: Symmetrical English: Double Fianchetto and Hedgehog} Bg7 7. a3 Nge7 8. Be2 {Black is slightly better.} O-O 9. Qc2 Rb8 $146 ({Predecessor:} 9... Nf5 10. O-O a6 11. Nbd2 Be6 {0-1 (35) Antunes,A (1531)-Apolonia,P (1679) Luso 2018}) 10. O-O h6 11. Nbd2 g5 12. Qc1 a5 13. Ne1 Ng6 14. Nc2 f5 15. b4 axb4 16. axb4 cxb4 17. d4 g4 ({Black should play} 17... exd4 $15 18. Nxd4 Nf4 19. exf4 Nxd4) 18. d5 $14 Nce7 19. Nxb4 Kh8 20. c5 f4 (20... dxc5 $1 $14 21. Qxc5 Be6) 21. exf4 ({White should try} 21. g3 $16) 21... Nxf4 $11 {[%mdl 64] [#] Double Attack} 22. Re1 $1 Nxe2+ 23. Rxe2 {Nc4 is the strong threat.} Ng6 24. Ne4 Nf4 25. Re1 dxc5 {Accuracy: White = 45%, Black = 35%.} 1/2-1/2

[Event "12th KIIT International 2019"]
[Site "Odisha"]
[Date "2019.06.05"]
[Round "8.14"]
[White "Baivab Mishra"]
[Black "Muthaiah AL"]
[Result "1/2-1/2"]
[WhiteElo "2209"]
[BlackElo "2427"]
[Annotator "TA"]
[PlyCount "90"]
[EventDate "2019.05.31"]
[EventType "swiss"]
[EventCountry "IND"]
[SourceTitle "playchess.com"]
[Source "ChessBase"]
[SourceQuality "1"]

{[%evp 18,90,39,0,0,0,2,-4,31,20,45,25,35,37,15,27,128,0,0,0,106,76,107,105,110,61,140,149,129,153,173,170,181,171,170,164,177,146,116,147,141,70,68,96,192,192,190,148,148,148,148,0,0,0,0,0,0,0,0,0,0,0,0,0,0,0,0,0,0,0,0,0,0,0,0]} 1. e4 c5 2. Nf3 d6 3. d4 cxd4 4. Nxd4 Nf6 5. Nc3 Nc6 6. Bg5 e6 7. Qd2 Be7 8. O-O-O a6 9. f4 Bd7 10. Kb1 b5 {B68: Sicilian: Richter-Rauzer: 7...a6 8 0-0-0 Bd7 9 f4 Be7} 11. Nxc6 Bxc6 12. Bd3 (12. Qe1 Qc7 13. Bxf6 gxf6 14. Bd3 O-O-O 15. Rf1 Kb8 16. f5 Bb7 17. fxe6 fxe6 18. Ne2 {½-½ (43) Goganov,A (2612)-Demchenko,A (2679) St Petersburg 2018}) 12... b4 13. Ne2 h6 $146 ({Predecessor:} 13... Nxe4 14. Bxe4 Bxe4 15. Bxe7 Qxe7 16. Qd4 d5 17. Qxg7 O-O-O {1-0 (47) Dragun,K (2050)-Roth,J (2158) Rewal 2007}) 14. Bxf6 Bxf6 15. g4 Qa5 16. h4 Rb8 (16... Qc5 $11) 17. Qe3 (17. g5 $16 Be7 18. Nd4) 17... Qc5 $11 18. Qg3 Bc3 (18... g6 $11 {remains equal.}) 19. Ka1 Bd4 20. Nxd4 Qxd4 21. Kb1 Ke7 (21... a5 $14) 22. Rhe1 $1 $16 a5 23. g5 a4 {[#]} 24. Bb5 $1 {[%mdl 512]} Qc5 (24... Rxb5 25. Rxd4) 25. Bxc6 Qxc6 {[#]} 26. f5 $1 Rhc8 27. Rd2 {Threatens to win with gxh6.} b3 28. cxb3 axb3 {[#]} 29. axb3 ({White should try} 29. a3 $1 $16 e5 30. gxh6 gxh6 31. Qe3 {[%mdl 64] Decoy}) 29... Ra8 $14 {[#] Strongly threatening ...Qa6.} 30. f6+ $1 {[%mdl 512]} Kd7 (30... gxf6 $16 31. gxf6+ Kd7) 31. fxg7 $18 Qa6 {[%csl Ga8][%cal Ra6a2] [#]} 32. Rxd6+ $1 {[%mdl 512]} Qxd6 33. Qxd6+ Kxd6 34. e5+ ({White must play} 34. gxh6 $16 {Black must now prevent Rf1.} Ke5 35. Rf1 (35. h7 Rh8 $14)) 34... Kd5 $1 $11 {And now ...h5 would win.The position is equal.} 35. gxh6 Rh8 $1 {[%cal Rh8h6]} 36. gxh8=Q Rxh8 {[%mdl 4096] Endgame KR-KR} 37. Ka2 Ra8+ 38. Kb1 Rh8 39. Kc2 Rxh6 40. b4 Rxh4 41. Kb3 Rh5 42. b5 Rxe5 43. b6 {Rxe5+ is the strong threat.} Rh5 (43... Rxe1 $2 {is the wrong capture.} 44. b7 $18) 44. Rc1 Rh8 45. Rc7 Rb8 {Accuracy: White = 56%, Black = 52%.} 1/2-1/2

[Event "12th KIIT International 2019"]
[Site "Odisha"]
[Date "2019.06.05"]
[Round "8.15"]
[White "Das, Sayantan"]
[Black "Aaryan Varshney"]
[Result "1/2-1/2"]
[WhiteElo "2419"]
[BlackElo "2196"]
[Annotator "TA"]
[PlyCount "125"]
[EventDate "2019.05.31"]
[EventType "swiss"]
[EventCountry "IND"]
[SourceTitle "playchess.com"]
[Source "ChessBase"]
[SourceQuality "1"]

{[%evp 16,125,0,-10,0,0,11,0,32,12,15,18,18,0,0,-12,0,0,0,-22,0,0,13,11,8,9,45,0,0,-11,-14,-13,10,0,34,8,8,10,5,15,49,35,20,31,74,79,65,61,59,46,82,77,85,22,19,21,60,10,49,8,7,8,8,11,10,8,38,31,38,38,38,38,42,38,38,38,38,38,51,51,51,51,51,51,51,51,51,51,51,51,51,51,51,51,51,25,51,51,51,43,43,43,43,43,43,21,32,32,32,32,32,32]} 1. c4 e5 2. Nc3 Nf6 3. Nf3 Nc6 4. d3 Be7 5. e3 O-O 6. Be2 d5 7. cxd5 Nxd5 8. O-O Be6 9. a3 Qd7 {A28: English Opening: Four Knights Variation} (9... a5 10. Bd2 Kh8 11. Rc1 Nxc3 12. Rxc3 f6 13. Qa4 Nb4 14. e4 c5 15. Be3 b6 16. Nd2 Bd7 17. Qd1 {0-1 (42) Kramnik,V (2792)-Karjakin,S (2782) Paris 2018}) 10. Qc2 Rfd8 11. Ne4 {[%cal Bc3e4,Be4d2,Bd2c4][%mdl 32]} f6 {The position is equal.} 12. b3 $146 ({Predecessor:} 12. b4 a6 13. Bb2 Qe8 14. Nc5 Bxc5 15. Qxc5 Nb6 16. Qc2 Qg6 17. Rfc1 Bd5 18. e4 Be6 19. a4 {1-0 (33) Kortschnoj,V (2615)-Seirawan,Y (2585) Monte Carlo 1994}) 12... a5 13. Bb2 Qe8 14. Ned2 Qg6 15. Kh1 Rac8 16. Rac1 Qf7 17. Qb1 Nb6 18. Nc4 Nd7 19. d4 exd4 20. Nxd4 Nxd4 21. Bxd4 b6 {[%cal Bb7b6,Bb6b5][%mdl 32]} 22. f4 Kh8 23. e4 Nc5 24. Be3 b5 25. Bxc5 (25. Nxa5 $5 {[%cal Re3c5]} Nxb3 26. Nxb3 Bxb3 27. Rc3 $14) 25... Bxc5 26. Nxa5 Bxa3 27. Rc2 Bf8 28. Bxb5 Qh5 29. Bc4 Qxa5 30. Bxe6 Rb8 31. Bc4 Rd4 32. Ra2 Qh5 {[#] Hoping for ...Rxc4!} 33. Qe1 Rbd8 34. Re2 (34. Ra5 $16 Qg4 35. Rd5) 34... Bb4 $11 35. Qf2 ({Much weaker is} 35. Qxb4 Qxe2 36. Bxe2 Rxb4 $17) 35... Rd1 {And now ...Bc5 would win.} 36. Ra2 (36. Qg1 $5 {[%cal Rf1d1]} R1d4 37. g4 $14) 36... h6 {[#] White must now prevent ...Rxf1+.} 37. Ra1 Rxa1 38. Rxa1 Rd1+ 39. Rxd1 Qxd1+ 40. Qf1 Qxf1+ (40... Qd4 {feels hotter.} 41. Bd3 g5 42. fxg5 fxg5 43. Bc2 Kg7) 41. Bxf1 {[%mdl 4096] Endgame KB-KB} Bd6 42. f5 Kg8 43. Bc4+ Kf8 44. g3 Ke7 45. Kg2 Be5 46. Kf3 Bd6 47. Kg4 Be5 48. h3 Bd6 49. Kh4 Be5 50. g4 Bf4 51. Kh5 Kf8 52. Kg6 Bg3 53. Bd5 Be5 54. h4 Bg3 55. Kh5 Bf4 56. Bc4 Be5 57. b4 {[%cal Bb3b4,Bb4b5][%mdl 32]} Bf4 58. b5 Be5 59. Kg6 Bg3 60. g5 hxg5 61. hxg5 {White is slightly better.} Be5 62. Bd5 Bd4 63. Bb3 {Accuracy: White = 50%, Black = 62%.} 1/2-1/2